| 000 | 00729nam a22001217a 4500 | ||
|---|---|---|---|
| 040 | _cRUA | ||
| 100 | _aNHA, BUNNET. | ||
| 245 | _aeffectiveness of using corn bran on the growth rate of quail in animal experimental farm's rua (ប្រសិទ្ធភាពនៃការប្រើប្រាស់កន្ទក់ពោតលើការលូតលាស់របស់ក្រួចនៅស្ថានីយ៍ចិញ្ចឹមសត្វនៃសាកលវិទ្យាល័យភូមិន្ទកសិកម្ម) | ||
| 260 |
_aPhnom Penh _bRUA _c2012 |
||
| 300 |
_axi, 53p. _bill. _c29cm. |
||
| 856 | _uhttps://drive.google.com/file/d/1TJMiw2hCvW-z2i_lV8MbRaVVfZYIDAv3/view?usp=sharing | ||
| 942 | _cAVM | ||
| 999 |
_c2721 _d2721 |
||